Las tormentas: de las antiguas creencias a la moderna meteorología
Guardat en:
| Autor principal: | |
|---|---|
| Format: | Llibre |
| Idioma: | espanyol |
| Publicat: |
Madrid
McGraw-Hill
1991
|
| Col·lecció: | Serie McGraw-Hill de divulgación científica
|
| Matèries: | |
| Etiquetes: |
Afegir etiqueta
Sense etiquetes, Sigues el primer a etiquetar aquest registre!
|
MARC
| LEADER | 00000nam a2200000 a 4500 | ||
|---|---|---|---|
| 001 | UCV5384 | ||
| 003 | CL-VaPUC | ||
| 008 | 930526e19910000SP |||||||||||||||||spa|d | ||
| 082 | 0 | 4 | |a 551.55 |b ERI |2 21 |
| 100 | 0 | |a Erickson, Jon |e author |9 299720 | |
| 245 | 1 | 4 | |a Las tormentas: de las antiguas creencias a la moderna meteorología |
| 300 | |a 305 p | ||
| 942 | |c BK | ||
| 945 | |d 19930526 00:00:00 | ||
| 260 | |a Madrid |b McGraw-Hill |c 1991 | ||
| 650 | 7 | |a TEMPESTADES |2 CL-VaPUC |9 262163 | |
| 650 | 7 | |a CICLONES |2 CL-VaPUC |9 262164 | |
| 583 | |a last modification |c 19930526 00:00:00 |k Rodrigo Vera | ||
| 490 | 0 | |a Serie McGraw-Hill de divulgación científica | |
| 999 | |c 211930 |d 211928 | ||
| 952 | |0 0 |1 0 |4 0 |6 551_550000000000000_ERI_1991 |7 0 |8 A |9 191974 |a BIBING |b BIBING |d 2019-11-14 |i 2595125 |o 551.55 ERI 1991 |p 2595125 |r 2025-01-20 |w 2019-11-14 |y BK |k GEO | ||